Informe de labores 1997-1999 /
Salvato in:
| Ente Autore: | |
|---|---|
| Natura: | Libro |
| Lingua: | Spanish |
| Pubblicazione: |
San José, Costa Rica
La Fundación
2000
|
| Soggetti: | |
| Tags: |
Aggiungi Tag
Nessun Tag, puoi essere il primo ad aggiungerne!!
|
MARC
| LEADER | 00000nam a22000007a 4500 | ||
|---|---|---|---|
| 003 | cru CIDCACS/IIS | ||
| 005 | 20230707092040.0 | ||
| 008 | 180126b2000 cr dao||||||||||| ||spa d | ||
| 040 | |c cru CIDCACS/IIS | ||
| 090 | |a 01.02.07 F981i 1977-1999 | ||
| 110 | 1 | |9 6520 |a Fundación Arias para la Paz y el Progreso Humano | |
| 245 | 1 | 0 | |a Informe de labores 1997-1999 / |c Fundación Arias para la Paz y el Progreso Humano |
| 260 | |a San José, Costa Rica |b La Fundación |c 2000 | ||
| 300 | |a 179 páginas | ||
| 500 | |a Colección Alforja | ||
| 505 | |a El documento consiste en un informe de labores acerca de la Fundación Arias para la Paz y el progreso humano, que consiste en un esbozo descriptivo de los proyectos y los programas iniciados, continuados o concluidos por la Fundación Arias para la Paz y el Progreso humano. | ||
| 650 | 1 | 0 | |9 964 |a GENERO |
| 650 | 1 | 0 | |9 38 |a DERECHOS HUMANOS |
| 650 | 1 | 0 | |9 88 |a MUJERES |
| 650 | 1 | 0 | |9 2345 |a SEGURIDAD |
| 650 | 1 | 0 | |9 350 |a DESARME |
| 650 | 1 | 0 | |9 2062 |a SOLUCION DE CONFLICTOS |
| 650 | 0 | |9 4908 |a GOBERNABILIDAD | |
| 650 | 1 | 0 | |9 4537 |a ARMAS |
| 650 | 1 | 0 | |9 6521 |a INFORMES DE ACTIVIDADES |
| 650 | 0 | |9 3749 |a ORGANIZACIONES NO GUBERNAMENTALES | |
| 942 | |2 ddc |c LI | ||
| 999 | |c 40916 |d 40916 | ||
